000 01342nam a2200373 i 4500
001 40772
003 KOSZ 005
005 20220914140909.0
008 090311s1994 pl a f f 000 0 pol
020 _a8300028692
040 _aWA N
_cWA N
_dKOSZ 005/RW
080 _a631.3
080 _a636
655 4 _aPodręczniki akademickie
650 4 _aNarzędzia i maszyny
650 4 _aZootechnika
700 1 _aRoszkowski, Henryk
_eAutor
999 _c40772
_d40772
999 _b(075.8)
100 1 _aKorpysz, Krzysztof.
_eAutor
245 1 0 _aMaszyny i urządzenia do produkcji zwierzęcej /
_cKrzysztof Korpysz, Henryk Roszkowski, Kazimierz Zdun.
260 _aWarszawa :
_bWydawnictwo SGGW,
_c1994.
300 _a[2], 328 stron :
_bilustracje ;
_c24 cm.
336 _aTekst
_btxt
_2rdacontent
337 _aBez urządzenia pośredniczącego
_bn
_2rdamedia
338 _aWolumin
_bnc
_2rdacarrier
380 _aKsiążki
504 _aBibliografia na stronach [327]-328.
658 _aRolnictwo i leśnictwo
658 _aInżynieria i technika
700 1 _aZdun, Kazimierz
_d(1929- ).
_eAutor
710 2 _aSzkoła Główna Gospodarstwa Wiejskiego (Warszawa).
_bWydawnictwo.
_4pbl.
856 _uhttp://koha.tu.koszalin.pl/cgi-bin/koha/opac-detail.pl?biblionumber=40772
_yKatalog online BPK
942 _2UKD
_cKS